<?xml version="1.0" encoding="UTF-8"?>
<collection xmlns:xsi="http://www.w3.org/2001/XMLSchema-instance" xsi:schemaLocation="http://www.loc.gov/MARC21/slim http://www.loc.gov/standards/marcxml/schema/MARC21slim.xsd" xmlns="http://www.loc.gov/MARC21/slim">
 <record>
  <leader>00000cam a22000004i 4500</leader>
  <controlfield tag="001">UP-99796217612548804</controlfield>
  <controlfield tag="003">Buklod</controlfield>
  <controlfield tag="005">20170713165955.0</controlfield>
  <controlfield tag="006">m     q  i        </controlfield>
  <controlfield tag="007">ta</controlfield>
  <controlfield tag="008">781228m19759999xx h    rbc  |001 0|spa d</controlfield>
  <datafield tag="035" ind1=" " ind2=" ">
   <subfield code="a">(iLib)UPD-00264110378</subfield>
  </datafield>
  <datafield tag="040" ind1=" " ind2=" ">
   <subfield code="a">DAC</subfield>
   <subfield code="e">rda</subfield>
  </datafield>
  <datafield tag="041" ind1=" " ind2=" ">
   <subfield code="a">Spa</subfield>
  </datafield>
  <datafield tag="090" ind1=" " ind2=" ">
   <subfield code="a">Z 6611. F73</subfield>
   <subfield code="b">R56 1975</subfield>
  </datafield>
  <datafield tag="100" ind1="1" ind2=" ">
   <subfield code="a">Rio, Ignacio del</subfield>
   <subfield code="e">author.</subfield>
  </datafield>
  <datafield tag="245" ind1="1" ind2="2">
   <subfield code="a">A guide to the Archivo Franciscano of the National Library of Mexico</subfield>
   <subfield code="c">by Ignacio del Râio ; with an introd. by Lina Gâomez Canedo.</subfield>
  </datafield>
  <datafield tag="250" ind1=" " ind2=" ">
   <subfield code="a">1. ed.</subfield>
  </datafield>
  <datafield tag="264" ind1=" " ind2="1">
   <subfield code="a">Mâexico</subfield>
   <subfield code="b">Instituto de Investigaciones Bibliogrâaficas, Universidad Nacional Autâonoma de Mâexico</subfield>
   <subfield code="a">Washington</subfield>
   <subfield code="b">Academy of American Franciscan History</subfield>
   <subfield code="c">1975-</subfield>
  </datafield>
  <datafield tag="300" ind1=" " ind2=" ">
   <subfield code="a">cxv, 499 pages</subfield>
   <subfield code="b">facsims.</subfield>
   <subfield code="c">24 cm.</subfield>
  </datafield>
  <datafield tag="336" ind1=" " ind2=" ">
   <subfield code="a">text</subfield>
   <subfield code="2">rdacontent</subfield>
  </datafield>
  <datafield tag="337" ind1=" " ind2=" ">
   <subfield code="a">unmediated</subfield>
   <subfield code="2">rdamedia</subfield>
  </datafield>
  <datafield tag="338" ind1=" " ind2=" ">
   <subfield code="a">volume</subfield>
   <subfield code="2">rdacarrier</subfield>
  </datafield>
  <datafield tag="490" ind1="1" ind2=" ">
   <subfield code="a">Serie Guâias - Instituto de Investigaciones Bibliogrâaficas, Biblioteca Nacional de Mâexico</subfield>
   <subfield code="v">3</subfield>
  </datafield>
  <datafield tag="500" ind1=" " ind2=" ">
   <subfield code="a">Half title: Guâia del Archivo Franciscano de la Biblioteca Nacional de Mâexico.</subfield>
  </datafield>
  <datafield tag="500" ind1=" " ind2=" ">
   <subfield code="a">Spanish with English t.p. and English introd. by Antonine Tibesar.</subfield>
  </datafield>
  <datafield tag="504" ind1=" " ind2=" ">
   <subfield code="a">Includes bibliographical references and index.</subfield>
  </datafield>
  <datafield tag="546" ind1=" " ind2=" ">
   <subfield code="a">In Spanish.</subfield>
  </datafield>
  <datafield tag="610" ind1="2" ind2="0">
   <subfield code="a">Franciscans</subfield>
   <subfield code="z">Mexico</subfield>
   <subfield code="x">History</subfield>
   <subfield code="x">Sources</subfield>
   <subfield code="x">Bibliography</subfield>
   <subfield code="x">Catalogs.</subfield>
  </datafield>
  <datafield tag="610" ind1="2" ind2="0">
   <subfield code="a">Franciscans</subfield>
   <subfield code="z">Southwestern States</subfield>
   <subfield code="x">History</subfield>
   <subfield code="x">Sources</subfield>
   <subfield code="x">Bibliography</subfield>
   <subfield code="x">Catalogs.</subfield>
  </datafield>
  <datafield tag="610" ind1="2" ind2="0">
   <subfield code="a">Biblioteca Nacional de Mâexico</subfield>
   <subfield code="x">Catalogs.</subfield>
  </datafield>
  <datafield tag="650" ind1=" " ind2="0">
   <subfield code="a">Manuscripts, Spanish</subfield>
   <subfield code="z">Mexico</subfield>
   <subfield code="x">Catalogs.</subfield>
  </datafield>
  <datafield tag="650" ind1=" " ind2="0">
   <subfield code="a">Manuscripts, Spanish</subfield>
   <subfield code="z">Southwestern States</subfield>
   <subfield code="x">Catalogs.</subfield>
  </datafield>
  <datafield tag="651" ind1=" " ind2="0">
   <subfield code="a">Mexico</subfield>
   <subfield code="x">History</subfield>
   <subfield code="y">To 1810</subfield>
   <subfield code="x">Sources</subfield>
   <subfield code="x">Bibliography</subfield>
   <subfield code="x">Catalogs.</subfield>
  </datafield>
  <datafield tag="651" ind1=" " ind2="0">
   <subfield code="a">Southwestern States</subfield>
   <subfield code="x">History</subfield>
   <subfield code="x">Sources</subfield>
   <subfield code="x">Bibliography</subfield>
   <subfield code="x">Catalogs.</subfield>
  </datafield>
  <datafield tag="710" ind1="2" ind2=" ">
   <subfield code="a">Biblioteca Nacional de Mâexico.</subfield>
  </datafield>
  <datafield tag="740" ind1="0" ind2=" ">
   <subfield code="a">Guâia del Archivo Franciscano de la Biblioteca Nacional de Mâexico.</subfield>
  </datafield>
  <datafield tag="830" ind1=" " ind2="0">
   <subfield code="a">Serie Guâias (Universidad Nacional Autâonoma de Mâexico. Instituto de Investigaciones Bibliogrâaficas)</subfield>
   <subfield code="v">3.</subfield>
  </datafield>
  <datafield tag="905" ind1=" " ind2=" ">
   <subfield code="a">FO</subfield>
  </datafield>
  <datafield tag="852" ind1="0" ind2=" ">
   <subfield code="a">UPD</subfield>
   <subfield code="b">DAC</subfield>
   <subfield code="h">Z 6611 F73 R56 1975 Saniel Collection</subfield>
  </datafield>
  <datafield tag="942" ind1=" " ind2=" ">
   <subfield code="a">Book</subfield>
  </datafield>
 </record>
</collection>
